[Event "Winnipeg TNT February op"]
[Site "Winnipeg CAN"]
[Date "2008.02.19"]
[Round "3"]
[White "Liu, Weixi"]
[Black "Mundwiler, Les"]
[Result "1-0"]
[WhiteElo "1905"]
[BlackElo "2049"]
[PlyCount "55"]
[GameId "2160767910442297"]
[EventDate "2008.02.05"]
[EventType "swiss"]
[EventRounds "4"]
[EventCountry "CAN"]
[SourceTitle "EXT 2011"]
[Source "ChessBase"]
[SourceDate "2011.11.26"]
[SourceVersion "1"]
[SourceVersionDate "2011.11.26"]
[SourceQuality "1"]

1. d4 d5 2. c4 e6 3. Nf3 Nf6 4. Nc3 a6 5. Bg5 Be7 6. e3 dxc4 7. Bxc4 b5 8. Bd3 Bb7 9. O-O Nbd7 10. a3 c5 11. Rc1 cxd4 12. Nxd4 O-O 13. Qe2 Qb6 14. Ne4 h6 15. Bh4 Rac8 16. Bb1 Ba8 17. f3 b4 18. axb4 Qxb4 19. Rxc8 Rxc8 20. Qxa6 Bb7 21. Qe2 Qa5 22. Nxf6+ Nxf6 23. Rd1 Ba6 24. Qe1 Bb4 25. Qg3 Kf8 26. Bxf6 gxf6 27. Qh4 Kg7 28. Nxe6+ 1-0

[Event "Winnipeg TNT February op"]
[Site "Winnipeg CAN"]
[Date "2008.02.19"]
[Round "3"]
[White "Silva, T Romero"]
[Black "Green, Aaron"]
[Result "0-1"]
[WhiteElo "1801"]
[BlackElo "1574"]
[PlyCount "98"]
[GameId "2160767910442298"]
[EventDate "2008.02.05"]
[EventType "swiss"]
[EventRounds "4"]
[EventCountry "CAN"]
[SourceTitle "EXT 2011"]
[Source "ChessBase"]
[SourceDate "2011.11.26"]
[SourceVersion "1"]
[SourceVersionDate "2011.11.26"]
[SourceQuality "1"]

1. d4 Nf6 2. c4 g6 3. Nc3 Bg7 4. Bg5 h6 5. Bh4 g5 6. Bg3 d6 7. e3 O-O 8. Be2 c5 9. Nf3 a6 10. h3 Bf5 11. O-O Nc6 12. dxc5 dxc5 13. Qb3 Na5 14. Qa3 Qb6 15. Rfd1 Rfd8 16. Ne5 Qb4 17. Qxb4 cxb4 18. Na4 Rxd1+ 19. Rxd1 Bc2 20. Nb6 Bxd1 21. Bxd1 Rd8 22. Ba4 Ne4 23. Ned7 Nxg3 24. fxg3 e6 25. b3 f5 26. Kf1 Kf7 27. Ke2 Ke7 28. c5 Nc6 29. Kf3 Rxd7 30. Nxd7 Kxd7 31. g4 Ke7 32. Ke2 Kf6 33. Kd3 Ke5 34. gxf5 exf5 35. Kc4 Bf6 36. Bxc6 bxc6 37. Kxb4 Bd8 38. Kc3 Ke4 39. Kd2 Ba5+ 40. Ke2 Bb4 41. Kf2 Bxc5 42. Ke2 Bxe3 43. g3 f4 44. g4 f3+ 45. Kf1 Kf4 46. b4 Kg3 47. a4 Kxh3 48. b5 cxb5 49. axb5 axb5 0-1

[Event "Winnipeg TNT February op"]
[Site "Winnipeg CAN"]
[Date "2008.02.19"]
[Round "3"]
[White "Tang, Edward"]
[Black "Lipnowski, Samuel"]
[Result "0-1"]
[WhiteElo "1970"]
[BlackElo "2287"]
[PlyCount "77"]
[GameId "2160767910442299"]
[EventDate "2008.02.05"]
[EventType "swiss"]
[EventRounds "4"]
[EventCountry "CAN"]
[SourceTitle "EXT 2011"]
[Source "ChessBase"]
[SourceDate "2011.11.26"]
[SourceVersion "1"]
[SourceVersionDate "2011.11.26"]
[SourceQuality "1"]

1. d4 d5 2. c4 c6 3. Nf3 Nf6 4. Nc3 dxc4 5. e3 b5 6. a4 b4 7. Nb1 Ba6 8. Be2 e6 9. Ne5 Qd5 10. O-O Be7 11. Nd2 c3 12. bxc3 bxc3 13. Ndc4 Bxc4 14. Bxc4 Qa5 15. Qb3 Qb4 16. Bxe6 fxe6 17. Qxe6 Qd6 18. Qf7+ Kd8 19. Qxg7 Rf8 20. Nf7+ Rxf7 21. Qxf7 Qd5 22. Qg7 Nbd7 23. Qh8+ Qg8 24. Qxg8+ Nxg8 25. Ba3 Rb8 26. e4 c5 27. dxc5 Nxc5 28. Rfd1+ Ke8 29. Rac1 Rb3 30. Bxc5 Bxc5 31. a5 Nf6 32. Kf1 Bb4 33. a6 Rb2 34. Rd4 Bc5 35. Rc4 Rxf2+ 36. Ke1 Rxg2 37. R1xc3 Bb6 38. Rb3 Ra2 39. Rxb6 0-1

[Event "Winnipeg TNT February op"]
[Site "Winnipeg CAN"]
[Date "2008.02.19"]
[Round "3"]
[White "Wasserman, Arie"]
[Black "Evans, Brian"]
[Result "0-1"]
[WhiteElo "1663"]
[BlackElo "1490"]
[PlyCount "70"]
[GameId "2160767910442300"]
[EventDate "2008.02.05"]
[EventType "swiss"]
[EventRounds "4"]
[EventCountry "CAN"]
[SourceTitle "EXT 2011"]
[Source "ChessBase"]
[SourceDate "2011.11.26"]
[SourceVersion "1"]
[SourceVersionDate "2011.11.26"]
[SourceQuality "1"]

1. e4 c5 2. Nf3 e6 3. Nc3 a6 4. a4 Nc6 5. b3 d5 6. exd5 exd5 7. Qe2+ Be6 8. Ba3 Bd6 9. Nxd5 Nf6 10. c4 O-O 11. Qd3 Re8 12. Be2 Bxd5 13. cxd5 Ne5 14. Qc3 Nxd5 15. Qc2 Nxf3+ 16. gxf3 Nf4 17. d3 Rxe2+ 18. Qxe2 Nxe2 19. Kxe2 Qe7+ 20. Kd2 Bf4+ 21. Kd1 Qe5 22. Ra2 Qc3 23. Ke2 Re8+ 24. Kf1 Qxd3+ 25. Kg2 Qxb3 26. Raa1 Re2 27. Bxc5 Be3 28. Bxe3 Qxe3 29. Rhf1 Qg5+ 30. Kh1 Qf6 31. Kg2 Re5 32. Rfc1 Rg5+ 33. Kf1 h5 34. Ra3 Qd6 35. Rcc3 Qd1# 0-1

[Event "Winnipeg TNT February op"]
[Site "Winnipeg CAN"]
[Date "2008.02.26"]
[Round "4"]
[White "Campbell, Gary"]
[Black "Wasserman, Arie"]
[Result "1-0"]
[WhiteElo "1637"]
[BlackElo "1663"]
[PlyCount "63"]
[GameId "2160767910442302"]
[EventDate "2008.02.05"]
[EventType "swiss"]
[EventRounds "4"]
[EventCountry "CAN"]
[SourceTitle "EXT 2011"]
[Source "ChessBase"]
[SourceDate "2011.11.26"]
[SourceVersion "1"]
[SourceVersionDate "2011.11.26"]
[SourceQuality "1"]

1. d4 d5 2. c4 Nf6 3. Nc3 e6 4. Bg5 Be7 5. e3 Nc6 6. Nf3 h6 7. Bh4 Qd6 8. a3 a6 9. b4 dxc4 10. Bxc4 b5 11. Ba2 Bb7 12. O-O O-O 13. Rc1 Nh7 14. Ne4 Qd8 15. Bxe7 Nxe7 16. Nc5 Bd5 17. Bxd5 Qxd5 18. Rc2 Nf6 19. Qc1 Ra7 20. Ne5 Nf5 21. Ncd3 Rc8 22. Nf4 Qe4 23. Ne2 Nd5 24. Ng3 Nxg3 25. hxg3 Ne7 26. Nc6 Nxc6 27. Rxc6 Qd5 28. Qc2 Qd7 29. Qc5 Rb7 30. Rc1 Rb6 31. Rxb6 cxb6 32. Qxc8+ 1-0

[Event "Winnipeg TNT February op"]
[Site "Winnipeg CAN"]
[Date "2008.02.26"]
[Round "4"]
[White "Evans, Brian"]
[Black "Greenberg, Harley"]
[Result "1-0"]
[WhiteElo "1490"]
[BlackElo "1784"]
[PlyCount "27"]
[GameId "2160767910442303"]
[EventDate "2008.02.05"]
[EventType "swiss"]
[EventRounds "4"]
[EventCountry "CAN"]
[SourceTitle "EXT 2011"]
[Source "ChessBase"]
[SourceDate "2011.11.26"]
[SourceVersion "1"]
[SourceVersionDate "2011.11.26"]
[SourceQuality "1"]

1. e4 c5 2. Nf3 Nc6 3. d4 cxd4 4. Nxd4 a6 5. Nc3 Qc7 6. Nd5 Qe5 7. Nxc6 Qxe4+ 8. Be3 bxc6 9. Nc7+ Kd8 10. Nxa8 e5 11. Qd3 Qb4+ 12. Qc3 Qb8 13. Bb6+ Ke7 14. Bc7 1-0

[Event "Winnipeg TNT February op"]
[Site "Winnipeg CAN"]
[Date "2008.02.26"]
[Round "4"]
[White "Gibson, Fred"]
[Black "Crawford, Gary"]
[Result "0-1"]
[WhiteElo "1368"]
[BlackElo "1326"]
[PlyCount "40"]
[GameId "2160767910442305"]
[EventDate "2008.02.05"]
[EventType "swiss"]
[EventRounds "4"]
[EventCountry "CAN"]
[SourceTitle "EXT 2011"]
[Source "ChessBase"]
[SourceDate "2011.11.26"]
[SourceVersion "1"]
[SourceVersionDate "2011.11.26"]
[SourceQuality "1"]

1. e4 c5 2. Nc3 Nc6 3. Nf3 d6 4. Bc4 e6 5. d3 Be7 6. O-O Nf6 7. h3 O-O 8. Be3 a6 9. a4 d5 10. exd5 exd5 11. Nxd5 Nxd5 12. Bd2 Be6 13. Re1 Nc7 14. Bxe6 Nxe6 15. Bc3 Bf6 16. Bd2 Ng5 17. Rb1 Nxf3+ 18. Qxf3 Nd4 19. Qd1 Re8 20. Be3 Bg5 0-1

[Event "Winnipeg TNT February op"]
[Site "Winnipeg CAN"]
[Date "2008.02.26"]
[Round "4"]
[White "Green, Aaron"]
[Black "Khedkar, Jay S"]
[Result "0-1"]
[WhiteElo "1574"]
[BlackElo "1874"]
[PlyCount "86"]
[GameId "2160767910442306"]
[EventDate "2008.02.05"]
[EventType "swiss"]
[EventRounds "4"]
[EventCountry "CAN"]
[SourceTitle "EXT 2011"]
[Source "ChessBase"]
[SourceDate "2011.11.26"]
[SourceVersion "1"]
[SourceVersionDate "2011.11.26"]
[SourceQuality "1"]

1. e4 c5 2. Nf3 d6 3. d4 cxd4 4. Nxd4 Nf6 5. Nc3 a6 6. f4 e6 7. Be3 b5 8. a3 Bb7 9. Bd3 Nbd7 10. Nb3 Qc7 11. O-O Nc5 12. Nd2 Be7 13. f5 O-O 14. Qf3 d5 15. exd5 Nxd5 16. Nxd5 Bxd5 17. Qh3 Nxd3 18. cxd3 exf5 19. Qxf5 Rad8 20. Rac1 Qd7 21. Qxd7 Rxd7 22. Nb1 Bf6 23. Rxf6 gxf6 24. Bc5 Rc8 25. d4 Bb7 26. Re1 Kg7 27. b4 Rc6 28. Kf2 Re6 29. Rd1 Rd5 30. Nd2 Rf5+ 31. Nf3 Bd5 32. Rd2 Re4 33. Re2 Rxe2+ 34. Kxe2 Bxf3+ 35. gxf3 Rd5 36. Ke3 f5 37. f4 Kf6 38. Kf3 Ke6 39. h3 Rd8 40. Bb6 Rg8 41. Bc5 Kd5 42. Bb6 Rg1 43. Bc5 Ra1 0-1

[Event "Winnipeg TNT February op"]
[Site "Winnipeg CAN"]
[Date "2008.02.26"]
[Round "4"]
[White "Lauritson, Jim"]
[Black "Letain, Cory"]
[Result "1-0"]
[WhiteElo "2026"]
[BlackElo "1375"]
[PlyCount "41"]
[GameId "2160767910442307"]
[EventDate "2008.02.05"]
[EventType "swiss"]
[EventRounds "4"]
[EventCountry "CAN"]
[SourceTitle "EXT 2011"]
[Source "ChessBase"]
[SourceDate "2011.11.26"]
[SourceVersion "1"]
[SourceVersionDate "2011.11.26"]
[SourceQuality "1"]

1. d4 d5 2. c4 c6 3. Nf3 Nf6 4. Nc3 dxc4 5. a4 Bf5 6. e3 e6 7. Bxc4 Bb4 8. O-O Nbd7 9. Qe2 Qc7 10. e4 Bg4 11. Bg5 Bxc3 12. bxc3 O-O 13. Bd3 Qa5 14. e5 Nd5 15. Bd2 Qc7 16. Bxh7+ Kxh7 17. Ng5+ Kg8 18. Qxg4 c5 19. Qh5 Rfc8 20. Qxf7+ Kh8 21. Qh5+ 1-0

[Event "Winnipeg TNT February op"]
[Site "Winnipeg CAN"]
[Date "2008.02.26"]
[Round "4"]
[White "Mundwiler, Les"]
[Black "Kernetsky, Myron"]
[Result "1/2-1/2"]
[WhiteElo "2049"]
[BlackElo "1896"]
[PlyCount "102"]
[GameId "2160767910442309"]
[EventDate "2008.02.05"]
[EventType "swiss"]
[EventRounds "4"]
[EventCountry "CAN"]
[SourceTitle "EXT 2011"]
[Source "ChessBase"]
[SourceDate "2011.11.26"]
[SourceVersion "1"]
[SourceVersionDate "2011.11.26"]
[SourceQuality "1"]

1. c4 e5 2. Nc3 Nc6 3. e4 d6 4. h3 f5 5. d3 Nf6 6. Be2 Be7 7. exf5 Bxf5 8. g4 Bg6 9. g5 Nd7 10. h4 Nc5 11. Nd5 a5 12. a3 Nd4 13. Bf1 c6 14. h5 Bf7 15. Ne3 Be6 16. g6 hxg6 17. Bg2 gxh5 18. Rxh5 Rxh5 19. Qxh5+ Kd7 20. Be4 Ncb3 21. Rb1 a4 22. Bd2 Qe8 23. Qh2 Qh8 24. Qg2 Rf8 25. Kd1 Qh4 26. Be1 Qh5+ 27. f3 Qg5 28. Qxg5 Bxg5 29. Bf2 Rh8 30. Ke1 Rh1 31. f4 exf4 32. Nf1 Rh6 33. Nd2 Bh4 34. Nxb3 axb3 35. Bxh4 Rxh4 36. Kd2 Kc7 37. Kc3 c5 38. Nf3 Nxf3 39. Bxf3 g5 40. Re1 Rh6 41. Kxb3 g4 42. Be4 f3 43. Rf1 Rh2 44. Bxf3 gxf3 45. Rxf3 Rh3 46. Rxh3 Bxh3 47. Kc3 Kb6 48. b4 Bf1 49. d4 Kc6 50. a4 cxb4+ 51. Kxb4 Kb6 1/2-1/2

[Event "Winnipeg TNT February op"]
[Site "Winnipeg CAN"]
[Date "2008.02.26"]
[Round "4"]
[White "Wiebe, Daniel"]
[Black "Tang, Edward"]
[Result "1/2-1/2"]
[WhiteElo "1848"]
[BlackElo "1970"]
[PlyCount "47"]
[GameId "2160767910442311"]
[EventDate "2008.02.05"]
[EventType "swiss"]
[EventRounds "4"]
[EventCountry "CAN"]
[SourceTitle "EXT 2011"]
[Source "ChessBase"]
[SourceDate "2011.11.26"]
[SourceVersion "1"]
[SourceVersionDate "2011.11.26"]
[SourceQuality "1"]

1. e4 e5 2. Nf3 Nc6 3. Bc4 Bc5 4. Nc3 Nf6 5. d3 h6 6. h3 d6 7. Qe2 Be6 8. g4 Bxc4 9. dxc4 Nd4 10. Nxd4 Bxd4 11. Nd5 c6 12. Nxf6+ Qxf6 13. c3 Bb6 14. Be3 Bxe3 15. Qxe3 Qg5 16. Qxg5 hxg5 17. O-O-O Ke7 18. Rd3 Rh6 19. Rhd1 c5 20. b4 b6 21. Kb2 Rf6 22. R1d2 Rh8 23. Re3 Rfh6 24. Rdd3 1/2-1/2

[Event "Winnipeg TNT February op"]
[Site "Winnipeg CAN"]
[Date "2008.02.26"]
[Round "4"]
[White "Wierda, John"]
[Black "Fromme, Simon"]
[Result "1/2-1/2"]
[WhiteElo "1642"]
[BlackElo "2091"]
[PlyCount "61"]
[GameId "2160767910442312"]
[EventDate "2008.02.05"]
[EventType "swiss"]
[EventRounds "4"]
[EventCountry "CAN"]
[SourceTitle "EXT 2011"]
[Source "ChessBase"]
[SourceDate "2011.11.26"]
[SourceVersion "1"]
[SourceVersionDate "2011.11.26"]
[SourceQuality "1"]

1. Nf3 d5 2. c4 e6 3. cxd5 exd5 4. Nc3 c6 5. d4 Bd6 6. Bg5 Nf6 7. e3 O-O 8. Bd3 Re8 9. Bh4 Nbd7 10. Bg3 Nf8 11. Bxd6 Qxd6 12. a3 Ng6 13. Rc1 Nf4 14. O-O Nxd3 15. Qxd3 Ne4 16. Nd2 Nxd2 17. Qxd2 Re6 18. f3 Rh6 19. g3 f5 20. e4 fxe4 21. fxe4 dxe4 22. Nxe4 Qd8 23. Rce1 Be6 24. Nc5 Bc4 25. Rf4 b6 26. Qc3 Bd5 27. Rf2 Qg5 28. Nd3 Qg4 29. Nf4 Rc8 30. Qe3 Qd7 31. Qe7 1/2-1/2

[Event "Winnipeg TNT January op"]
[Site "Winnipeg CAN"]
[Date "2008.01.08"]
[Round "1"]
[White "Adol, Deng"]
[Black "Gibbons, Lorne"]
[Result "1-0"]
[WhiteElo "1804"]
[BlackElo "1273"]
[PlyCount "44"]
[GameId "2160767910549253"]
[EventDate "2008.01.08"]
[EventType "swiss"]
[EventRounds "4"]
[EventCountry "CAN"]
[SourceTitle "EXT 2011"]
[Source "ChessBase"]
[SourceDate "2011.11.26"]
[SourceVersion "1"]
[SourceVersionDate "2011.11.26"]
[SourceQuality "1"]

1. e4 e6 2. Nc3 b6 3. Bc4 Bb7 4. d3 c6 5. Nf3 d5 6. exd5 cxd5 7. Bb3 h6 8. Bf4 g5 9. Bg3 Bb4 10. O-O Bxc3 11. bxc3 Nd7 12. Ba4 a6 13. c4 dxc4 14. dxc4 Bxf3 15. Qxf3 Rc8 16. Bc6 Ne7 17. Bxd7+ Qxd7 18. Qf6 Ng6 19. Rad1 Qe7 20. Qc3 b5 21. Bd6 Rxc4 22. Qg7 Qb7 1-0

[Event "Winnipeg TNT January op"]
[Site "Winnipeg CAN"]
[Date "2008.01.08"]
[Round "1"]
[White "Atem, James"]
[Black "Letain, Cory"]
[Result "1-0"]
[WhiteElo "1842"]
[BlackElo "1362"]
[PlyCount "57"]
[GameId "2160767910549254"]
[EventDate "2008.01.08"]
[EventType "swiss"]
[EventRounds "4"]
[EventCountry "CAN"]
[SourceTitle "EXT 2011"]
[Source "ChessBase"]
[SourceDate "2011.11.26"]
[SourceVersion "1"]
[SourceVersionDate "2011.11.26"]
[SourceQuality "1"]

1. c4 e5 2. Nc3 Nf6 3. g3 d5 4. Bg2 Be6 5. d4 Nbd7 6. Bg5 c6 7. cxd5 cxd5 8. dxe5 Nxe5 9. e3 Nc4 10. Qb3 Qb6 11. Qxb6 Nxb6 12. Bxf6 gxf6 13. b3 Bb4 14. Nge2 O-O 15. a3 Be7 16. Nd4 a6 17. O-O f5 18. Nce2 Bf6 19. Rac1 Nc8 20. Nf4 Re8 21. Rc7 Nd6 22. Nh5 Bd8 23. Nxe6 fxe6 24. Rd7 Be7 25. Rc1 Kf7 26. Rcc7 Ne4 27. Bxe4 fxe4 28. Rxb7 Rab8 29. Rxe7+ 1-0

[Event "Winnipeg TNT January op"]
[Site "Winnipeg CAN"]
[Date "2008.01.08"]
[Round "1"]
[White "Crawford, Gary"]
[Black "Greenberg, Harley"]
[Result "0-1"]
[WhiteElo "1336"]
[BlackElo "1820"]
[PlyCount "50"]
[GameId "2160767910549255"]
[EventDate "2008.01.08"]
[EventType "swiss"]
[EventRounds "4"]
[EventCountry "CAN"]
[SourceTitle "EXT 2011"]
[Source "ChessBase"]
[SourceDate "2011.11.26"]
[SourceVersion "1"]
[SourceVersionDate "2011.11.26"]
[SourceQuality "1"]

1. e4 c5 2. Nf3 Nc6 3. c3 d5 4. e5 Bg4 5. Bb5 Qc7 6. d4 e6 7. Bxc6+ bxc6 8. O-O Be7 9. Be3 f6 10. exf6 Nxf6 11. h3 Bh5 12. g4 Nxg4 13. hxg4 Bxg4 14. dxc5 O-O 15. Nbd2 e5 16. Qa4 Bxf3 17. Nxf3 Rxf3 18. Qg4 Rf6 19. Qh3 d4 20. cxd4 exd4 21. Bxd4 Rg6+ 22. Kh1 Rh6 23. Qxh6 gxh6 24. Rg1+ Bg5 25. f4 Qd7 0-1

[Event "Winnipeg TNT January op"]
[Site "Winnipeg CAN"]
[Date "2008.01.08"]
[Round "1"]
[White "Evans, Brian"]
[Black "Kernetsky, Myron"]
[Result "0-1"]
[WhiteElo "1508"]
[BlackElo "1896"]
[PlyCount "62"]
[GameId "2160767910549256"]
[EventDate "2008.01.08"]
[EventType "swiss"]
[EventRounds "4"]
[EventCountry "CAN"]
[SourceTitle "EXT 2011"]
[Source "ChessBase"]
[SourceDate "2011.11.26"]
[SourceVersion "1"]
[SourceVersionDate "2011.11.26"]
[SourceQuality "1"]

1. e4 e6 2. d4 d5 3. Nc3 Nf6 4. Bg5 Be7 5. e5 Nfd7 6. Bxe7 Qxe7 7. a3 a6 8. b4 a5 9. Nb5 Nb6 10. c3 axb4 11. axb4 Rxa1 12. Qxa1 Na6 13. Qa5 O-O 14. Nf3 Qd8 15. Na7 Nb8 16. Nxc8 Nc6 17. Qa2 Qxc8 18. Bb5 Qa8 19. Qxa8 Rxa8 20. O-O Ra3 21. Rc1 Kf8 22. g3 Ke7 23. Kg2 h6 24. Ne1 Na7 25. Be2 Nc6 26. Nd3 Na4 27. c4 Nxd4 28. Bd1 Nb6 29. Nc5 Nxc4 30. Nxb7 Ra7 31. Na5 Nxe5 0-1

[Event "Winnipeg TNT January op"]
[Site "Winnipeg CAN"]
[Date "2008.01.08"]
[Round "1"]
[White "Liu, Weixi"]
[Black "Trueman, Francis"]
[Result "1-0"]
[WhiteElo "1922"]
[BlackElo "1455"]
[PlyCount "47"]
[GameId "2160767910549257"]
[EventDate "2008.01.08"]
[EventType "swiss"]
[EventRounds "4"]
[EventCountry "CAN"]
[SourceTitle "EXT 2011"]
[Source "ChessBase"]
[SourceDate "2011.11.26"]
[SourceVersion "1"]
[SourceVersionDate "2011.11.26"]
[SourceQuality "1"]

1. d4 Nf6 2. c4 d6 3. Nc3 g6 4. e4 Bg7 5. f3 O-O 6. Be3 Nbd7 7. Qd2 e5 8. d5 a5 9. g4 c6 10. Nge2 a4 11. Ng3 c5 12. Bd3 Nb6 13. Bh6 Nxg4 14. fxg4 Bxg4 15. Bxg7 Kxg7 16. Nce2 Bf3 17. Rf1 Bg4 18. O-O-O h5 19. Rf2 h4 20. Nh1 Qd7 21. Rg1 Kh7 22. Qg5 Bxe2 23. Bxe2 Qd8 24. Rxf7+ 1-0

[Event "Winnipeg TNT January op"]
[Site "Winnipeg CAN"]
[Date "2008.01.08"]
[Round "1"]
[White "Magnusson, Saul"]
[Black "Cleto, Sam"]
[Result "0-1"]
[WhiteElo "1453"]
[BlackElo "1870"]
[PlyCount "83"]
[GameId "2160767910549258"]
[EventDate "2008.01.08"]
[EventType "swiss"]
[EventRounds "4"]
[EventCountry "CAN"]
[SourceTitle "EXT 2011"]
[Source "ChessBase"]
[SourceDate "2011.11.26"]
[SourceVersion "1"]
[SourceVersionDate "2011.11.26"]
[SourceQuality "1"]

1. e4 Nf6 2. Nc3 e5 3. Bc4 Bc5 4. d3 c6 5. Bg5 h6 6. Bh4 d6 7. Nge2 Bg4 8. Qd2 b5 9. Bb3 a5 10. a4 b4 11. Nd1 O-O 12. Ne3 Be6 13. Ng3 Bxb3 14. Nef5 Be6 15. Nxh6+ gxh6 16. Nh5 Ng4 17. Bxd8 Bxf2+ 18. Kf1 Be3 19. Qe2 Rxd8 20. h3 Nd7 21. hxg4 Bg5 22. Ng3 d5 23. Nf5 Bxf5 24. exf5 f6 25. Kf2 Kg7 26. Rh5 Nc5 27. Qf3 e4 28. Rxg5+ hxg5 29. Qe3 d4 30. Qg3 e3+ 31. Kf3 Ra7 32. Ke2 b3 33. cxb3 Nxb3 34. Rh1 Rf7 35. Qf3 Rd5 36. Qh3 Kf8 37. Qg3 Re5 38. Qf3 Rc5 39. Rh8+ Kg7 40. Qh3 Rc2+ 41. Kf3 Nd2+ 42. Kg3 0-1

[Event "Winnipeg TNT January op"]
[Site "Winnipeg CAN"]
[Date "2008.01.08"]
[Round "1"]
[White "Mundwiler, Les"]
[Black "Wierda, John"]
[Result "1-0"]
[WhiteElo "2049"]
[BlackElo "1679"]
[PlyCount "69"]
[GameId "2160767910549259"]
[EventDate "2008.01.08"]
[EventType "swiss"]
[EventRounds "4"]
[EventCountry "CAN"]
[SourceTitle "EXT 2011"]
[Source "ChessBase"]
[SourceDate "2011.11.26"]
[SourceVersion "1"]
[SourceVersionDate "2011.11.26"]
[SourceQuality "1"]

1. Nf3 Nf6 2. d3 g6 3. Nbd2 Bg7 4. e4 d6 5. c3 c5 6. h3 O-O 7. g3 b5 8. Bg2 Bb7 9. O-O Nc6 10. Re1 Nd7 11. Nf1 b4 12. Qc2 a5 13. a4 Nde5 14. Nxe5 Nxe5 15. f4 Nd7 16. Be3 Qc7 17. Rac1 Bc6 18. cxb4 axb4 19. b3 Rfd8 20. Re2 Rac8 21. Nd2 Qb7 22. Nc4 Qa8 23. Bf2 Kf8 24. Ne3 e6 25. Nc4 d5 26. Nd6 dxe4 27. Nxc8 exd3 28. Bxc6 Qxc6 29. Qxd3 Qxc8 30. Rd1 Bf6 31. Qb5 Ke8 32. Red2 Be7 33. a5 Qc7 34. a6 h5 35. Rxd7 1-0

[Event "Winnipeg TNT January op"]
[Site "Winnipeg CAN"]
[Date "2008.01.08"]
[Round "1"]
[White "Silva, T Romero"]
[Black "Lipnowski, Samuel"]
[Result "1/2-1/2"]
[WhiteElo "1774"]
[BlackElo "2290"]
[PlyCount "127"]
[GameId "2160767910549260"]
[EventDate "2008.01.08"]
[EventType "swiss"]
[EventRounds "4"]
[EventCountry "CAN"]
[SourceTitle "EXT 2011"]
[Source "ChessBase"]
[SourceDate "2011.11.26"]
[SourceVersion "1"]
[SourceVersionDate "2011.11.26"]
[SourceQuality "1"]

1. d4 d5 2. c4 c6 3. Nc3 Nf6 4. e3 e6 5. a3 Nbd7 6. Nf3 dxc4 7. Bxc4 b5 8. Be2 Bb7 9. O-O a6 10. b4 a5 11. bxa5 Rxa5 12. Bb2 Qa8 13. Qb3 Be7 14. Nd2 O-O 15. Bf3 Rb8 16. h3 c5 17. Bxb7 Rxb7 18. dxc5 Nxc5 19. Qc2 Rba7 20. Rab1 Rb7 21. Rfc1 Rb8 22. Ne2 Qd5 23. Bxf6 gxf6 24. Qc3 Rba8 25. Nf4 Qd8 26. Nh5 Rxa3 27. Nxf6+ Bxf6 28. Qxc5 Qxd2 29. Qxb5 Ra2 30. Rf1 Qd5 31. Qb6 Rd2 32. Rb4 Rd1 33. Rg4+ Kh8 34. Rxd1 Qxd1+ 35. Kh2 Rg8 36. Rxg8+ Kxg8 37. Qb8+ Qd8 38. Qg3+ Kf8 39. Qg4 Qd5 40. g3 h5 41. Qb4+ Kg7 42. h4 Qf3 43. Qe1 Be5 44. Kh3 Kg6 45. Kh2 f5 46. Qd2 Bf6 47. Qe1 Be7 48. Qd2 Bf6 49. Qe1 Be5 50. Qg1 Bc7 51. Qe1 e5 52. Qd2 Qc6 53. Kg1 f4 54. exf4 exf4 55. Qd3+ Kh6 56. Qf5 Qg6 57. Qd7 Bd6 58. Qd8 Be5 59. Qd2 Qb1+ 60. Kg2 Qe4+ 61. Kg1 Kg6 62. Qa2 fxg3 63. Qe6+ Kg7 64. Qe7+ 1/2-1/2

[Event "Winnipeg TNT January op"]
[Site "Winnipeg CAN"]
[Date "2008.01.08"]
[Round "1"]
[White "Tang, Edward"]
[Black "Green, Aaron"]
[Result "1-0"]
[WhiteElo "1970"]
[BlackElo "1563"]
[PlyCount "83"]
[GameId "2160767910549261"]
[EventDate "2008.01.08"]
[EventType "swiss"]
[EventRounds "4"]
[EventCountry "CAN"]
[SourceTitle "EXT 2011"]
[Source "ChessBase"]
[SourceDate "2011.11.26"]
[SourceVersion "1"]
[SourceVersionDate "2011.11.26"]
[SourceQuality "1"]

1. d4 Nf6 2. c4 g6 3. Nc3 Bg7 4. e4 d6 5. Nf3 O-O 6. Be2 e5 7. d5 Nbd7 8. Be3 a5 9. Nd2 Ne8 10. g4 Nc5 11. Rg1 g5 12. Nf3 h6 13. h4 f6 14. Qd2 b6 15. O-O-O Bd7 16. Rg2 a4 17. Kb1 Ra7 18. Rh1 Qa8 19. Bd1 Rf7 20. Ng1 c6 21. Bc2 Ra6 22. f3 cxd5 23. exd5 Qb8 24. Rgh2 b5 25. cxb5 Bxb5 26. hxg5 fxg5 27. Bxg5 Bd3 28. Bxd3 Nxd3 29. Qxd3 Rb6 30. Bc1 Rc7 31. Ne4 Qc8 32. Ne2 Rc4 33. N2c3 Rd4 34. Qe2 Rdb4 35. Ka1 Rb3 36. axb3 axb3 37. Bxh6 Qa8+ 38. Kb1 Ra6 39. Kc1 Qa7 40. Bxg7 Ra1+ 41. Kd2 Rxh1 42. Rxh1 1-0

[Event "Winnipeg TNT January op"]
[Site "Winnipeg CAN"]
[Date "2008.01.08"]
[Round "1"]
[White "Wood, Nathaniel"]
[Black "Lauritson, Jim"]
[Result "0-1"]
[WhiteElo "1593"]
[BlackElo "1998"]
[PlyCount "73"]
[GameId "2160767910549262"]
[EventDate "2008.01.08"]
[EventType "swiss"]
[EventRounds "4"]
[EventCountry "CAN"]
[SourceTitle "EXT 2011"]
[Source "ChessBase"]
[SourceDate "2011.11.26"]
[SourceVersion "1"]
[SourceVersionDate "2011.11.26"]
[SourceQuality "1"]

1. e4 c5 2. Nf3 e6 3. Nc3 Nc6 4. d4 cxd4 5. Nxd4 a6 6. Be3 Qc7 7. Be2 Nf6 8. O-O Bb4 9. f3 O-O 10. Qd2 b5 11. Nb3 d6 12. a3 Ba5 13. Rad1 Bb6 14. Kh1 Bxe3 15. Qxe3 Bb7 16. g4 b4 17. g5 Nd7 18. axb4 Nxb4 19. Nd4 Ne5 20. f4 Nc4 21. Qg3 Rac8 22. Rf3 d5 23. e5 Nxb2 24. Rb1 Qb6 25. Qh4 Rxc3 26. Rxc3 Qxd4 27. Rh3 Re8 28. Qxh7+ Kf8 29. Qh8+ Ke7 30. Qxg7 Rf8 31. Rb3 a5 32. R1xb2 Qf2 33. Qf6+ Kd7 34. Bb5+ Kc7 35. Rc3+ Kb8 36. Qe7 d4+ 37. Rc6 0-1